[Event "RM-2022-0-00273"]
[Site "LSS email"]
[Date "2022.11.17"]
[Round "?"]
[White "Ozen, Bahadir"]
[Black "Rook, Detlef"]
[Result "1/2-1/2"]
[WhiteElo "2256"]
[BlackElo "2398"]
[PlyCount "37"]
[EventDate "2022.08.14"]
[EventType "tourn (corr)"]
[EventRounds "6"]
[EventCountry "GER"]
[SourceTitle "Corr 2024"]
[Source "ChessBase"]
[SourceDate "2023.10.19"]
[SourceVersion "1"]
[SourceVersionDate "2023.10.19"]
[SourceQuality "1"]

1. d4 Nf6 2. c4 g6 3. Nc3 d5 4. cxd5 Nxd5 5. e4 Nxc3 6. bxc3 Bg7 7. Nf3 c5 8. Rb1 0-0 9. Be2 b6 10. 0-0 Qc7 11. Re1 Rd8 12. Qb3 Nc6 13. d5 Na5 14. Qc2 e5 15. c4 Nb7 16. a4 Nd6 17. Bd3 Bd7 18. Bd2 Rf8 19. Bc3 1/2-1/2

[Event "RM-2022-0-00273"]
[Site "LSS email"]
[Date "2022.11.17"]
[Round "?"]
[White "Rook, Detlef"]
[Black "Sorcinelli, Andrea"]
[Result "1/2-1/2"]
[WhiteElo "2398"]
[BlackElo "2293"]
[PlyCount "48"]
[EventDate "2022.08.14"]
[EventType "tourn (corr)"]
[EventRounds "6"]
[EventCountry "GER"]
[SourceTitle "Corr 2024"]
[Source "ChessBase"]
[SourceDate "2023.10.19"]
[SourceVersion "1"]
[SourceVersionDate "2023.10.19"]
[SourceQuality "1"]

1. d4 Nf6 2. Bf4 d5 3. e3 c5 4. c3 Nc6 5. Nd2 Bf5 6. Qb3 Qd7 7. Ngf3 c4 8. Qd1 e6 9. Be2 b5 10. 0-0 Be7 11. Nh4 0-0 12. Nxf5 exf5 13. b3 Rfc8 14. Be5 Ne8 15. a4 a6 16. Bf3 g6 17. Bg3 Na5 18. axb5 axb5 19. bxc4 Nxc4 20. Nxc4 bxc4 21. Be5 Bf6 22. Bg3 Qc6 23. Qd2 h5 24. h4 Be7 1/2-1/2

[Event "ST-2022-0-00223"]
[Site "LSS email"]
[Date "2022.10.28"]
[Round "?"]
[White "Rook, Detlef"]
[Black "Corti, Horacio"]
[Result "1/2-1/2"]
[WhiteElo "2398"]
[BlackElo "2359"]
[PlyCount "57"]
[EventDate "2022.04.24"]
[EventType "tourn (corr)"]
[EventRounds "6"]
[EventCountry "GER"]
[SourceTitle "Corr 2024"]
[Source "ChessBase"]
[SourceDate "2023.10.19"]
[SourceVersion "1"]
[SourceVersionDate "2023.10.19"]
[SourceQuality "1"]

1. d4 Nf6 2. Bf4 d5 3. e3 c5 4. Nf3 e6 5. c3 Bd6 6. Bg3 0-0 7. Nbd2 Qc7 8. dxc5 Qxc5 9. b4 Qc7 10. c4 Bd7 11. cxd5 exd5 12. Bd3 Bxg3 13. hxg3 h6 14. 0-0 Rc8 15. Nb3 Nc6 16. a3 a5 17. Qd2 Ne4 18. Bxe4 dxe4 19. Nfd4 Nxd4 20. Qxd4 a4 21. Nc5 Bc6 22. Rfd1 Qe7 23. Qd6 Qxd6 24. Rxd6 Rd8 25. Rad1 Rxd6 26. Rxd6 Kf8 27. Rd4 Rc8 28. Kh2 b6 29. Nxe4 1/2-1/2

[Event "ST-2022-0-00223"]
[Site "LSS email"]
[Date "2022.10.28"]
[Round "?"]
[White "Rook, Detlef"]
[Black "Szczepanski, Zbigniew"]
[Result "1/2-1/2"]
[WhiteElo "2398"]
[BlackElo "2398"]
[PlyCount "53"]
[EventDate "2022.04.24"]
[EventType "tourn (corr)"]
[EventRounds "6"]
[EventCountry "GER"]
[SourceTitle "Corr 2024"]
[Source "ChessBase"]
[SourceDate "2023.10.19"]
[SourceVersion "1"]
[SourceVersionDate "2023.10.19"]
[SourceQuality "1"]

1. d4 Nf6 2. Nc3 d5 3. Bf4 c5 4. e3 cxd4 5. exd4 a6 6. Nf3 Nc6 7. Ne5 h5 8. Nxc6 bxc6 9. Bd3 Qb6 10. Ne2 g6 11. 0-0 Bg7 12. b3 0-0 13. Be5 c5 14. c3 cxd4 15. Nxd4 Ng4 16. Bxg7 Kxg7 17. h3 e5 18. hxg4 exd4 19. gxh5 dxc3 20. Qf3 Qd6 21. Be2 c2 22. Qc3+ d4 23. Qxc2 Bf5 24. Qd2 d3 25. Rac1 Qf6 26. Bf3 Rac8 27. Rxc8 1/2-1/2

[Event "GER-ch51 V04 email"]
[Site "GER email"]
[Date "2019.04.14"]
[Round "?"]
[White "Markus, Roland"]
[Black "Rook, Detlef"]
[Result "1/2-1/2"]
[WhiteElo "2365"]
[BlackElo "2445"]
[PlyCount "48"]
[EventDate "2019.??.??"]
[EventType "tourn (corr)"]
[EventRounds "10"]
[EventCountry "GER"]
[SourceTitle "Corr 2022"]
[Source "ChessBase"]
[SourceDate "2021.10.24"]
[SourceVersion "1"]
[SourceVersionDate "2021.10.24"]
[SourceQuality "1"]

1. e4 c5 2. Nf3 d6 3. d4 cxd4 4. Nxd4 Nf6 5. Nc3 a6 6. Be3 e5 7. Nb3 Be6 8. f3 h5 9. Nd5 Bxd5 10. exd5 Nbd7 11. Qd2 g6 12. Be2 Bg7 13. 0-0 b6 14. c4 0-0 15. Rae1 Re8 16. Kh1 Rb8 17. a3 Qc7 18. g4 Nc5 19. Nxc5 bxc5 20. b4 hxg4 21. fxg4 Qc8 22. Rg1 Re7 23. Rb1 Reb7 24. g5 Nd7 1/2-1/2